00769 2200229 4500001002100000005001700021008004100038035002400079040001200103082001500115084002000130100002500150245012700175260005900302300002800361500005000389504002800439650002900467700001300496850001200509990001800521INLIS00000000002356120161026110444.0  0010-101600000000513 aYOPDYOG 223a331.12 aSK 331.12 Pri P aPRIMASTUTI HANDAYANI aPeranan Pelatihan Kapal Pesiar dalam Membantu Mengentaskan Pengangguran di LPKKP Wisata Bahari Yogyakartac/Latifah Zahrah aYogyakartabUniversitas Widya Mataram Yogyakartac2003 aix 62 lembarc; 29,5 cm aSkripsi Fakultas Ilmu Sosial dan Ilmu Politik aBibliografi: hlm. 61-62 aTenaga Kerja, Penyediaan aSYAKDIAH aYOPDYOG a45336-PD/A.12